| 000 | 01172nam a2200229Ia 4500 | ||
|---|---|---|---|
| 003 | Ost | ||
| 005 | 20260507075215.0 | ||
| 008 | 260507s9999||||xx |||||||||||||| ||und|| | ||
| 040 | _cfsecg | ||
| 041 | _aara | ||
| 082 | _a330 | ||
| 100 |
_aعوض، مراد كمال _eمؤلف |
||
| 245 | 0 |
_aأساسيات الإحصاء / _c مراد كمال عوض |
|
| 260 |
_aعمان: _bدار البداية, _c2009 |
||
| 300 |
_a268 صفحة؛ _bإيضاحات ؛ _c24 سم |
||
| 504 | _aمراجع ص.263 ؛ملاحق ص.265 | ||
| 520 | _aالاحصاء ، عرض البيانات الاحصائية و تبويبها ، مقاييس النزعة المركزية ، مقاييس التشتت ، العزوم و التفلطح و الالتواء ، العلامة المعيارية و التوزيع الطبيعي و توزيع ستيودنت ، الارتباط و الانحدار ، الارقام القياسية ، الاحصاءات الحيوية و السكانية ، الاسلاسل الزمنية ، الاحتمالات ، . | ||
| 653 | _aالاحصاء | ||
| 653 | _aالاحصاء الرياضي | ||
| 653 | _aالإحصاءات | ||
| 942 | _cكتاب | ||
| 999 |
_c43490 _d43490 |
||